000 00905nam a2200217Ia 4500
003 GCL
005 20240530095220.0
008 140319s9999 xx 000 0 ara d
040 _aGCL /
_cGCL
082 0 4 _a327.17
_bم م
110 0 _aمجلس التعاون لدول الخليج العربية
245 1 0 _aمسيرة التعاون الخليجى :
_bالاهداف ، الانجازات ، التطلعات /
_cمجلس التعاون لدول الخليج العربية
250 _aالاولى
260 _aقطر :
_bادارة الشئون الاعلامية وزارة الثقافة ،
_c1990
300 _a143 ص:
_bايض ؛
_c24 سم
650 0 4 _aالتعاون الدولى
650 0 4 _aعمان - العلاقات الخارجية
650 0 4 _aالامارات - علاقات خارجية
650 0 4 _aالبحرين - العلاقات الخارجية
942 _2ddc
_cBK
999 _c5041
_d5041